Countries That Have Beat Brazil - Statistics

General Stats
  • This quiz has been taken 307 times
  • The average score is 26 of 34
Answer Stats
Wins over Brazil National Team % Correct
38 Argentina
99%
5 Germany
96%
20 Uruguay
94%
5 France
93%
5 Italy
93%
2 Spain
93%
8 Chile
92%
4 England
91%
10 Mexico
90%
3 Colombia
89%
4 Portugal
89%
11 Paraguay
88%
5 Bolivia
87%
4 Peru
87%
4 Netherlands
85%
1 Belgium
84%
2 Sweden
82%
2 Ecuador
78%
1 United States
78%
1 Venezuela
78%
1 Poland
69%
2 Norway
68%
2 Switzerland
67%
1 Denmark
65%
3 Hungary
62%
1 Australia
60%
1 Ireland
59%
1 South Korea
56%
2 Czech Republic
54%
2 Serbia
53%
1 Costa Rica
52%
1 Cameroon
45%
1 Wales
44%
1 Honduras
42%
No matching quizzes found
Score Distribution
Percent of People with Each Score
Percentile by Number Answered
Your Score History
You have not taken this quiz